Les Rois de France- Images. - Statistiques

Statistiques générales
  • Ce quiz a été pris 577 fois
  • Le résultat moyen est 44 sur 52
Statistiques - réponses
Par images Hint Réponse % Correct
768-814 Charles Ier
99%
814-840 Louis Ier
98%
877-879 Louis II
98%
879-882 Louis III
98%
936-954 Louis IV
98%
1226-1270 Louis IX
98%
986-987 Louis V
98%
1108-1137 Louis VI
98%
1137-1180 Louis VII
98%
1223-1226 Louis VIII
98%
1314-1316 Louis X
98%
1461-1483 Louis XI
98%
1498-1515 Louis XII
98%
1610-1643 Louis XIII
98%
1643-1715 Louis XIV
98%
1715-1774 Louis XV
98%
1774-1792 Louis XVI
98%
1814/ 1815-1824 Louis XVIII
98%
840-877 Charles II
93%
885-887 Charles III
93%
898-922 Charles III
93%
1322-1328 Charles IV
93%
1560-1574 Charles IX
93%
1364-1380 Charles V
93%
1380-1422 Charles VI
93%
1422-1461 Charles VII
93%
1483-1498 Charles VIII
93%
1824-1830 Charles X
93%
1031-1060 Henri Ier
93%
1547-1559 Henri II
93%
1574-1589 Henri III
93%
1589-1610 Henri IV
93%
1515-1547 François Ier
90%
1559-1560 François II
90%
1830-1848 Louis-Philippe
82%
1060-1108 Philippe Ier
82%
1270-1285 Philippe III
82%
1285-1314 Philippe IV
82%
1316-1322 Philippe V
82%
1328-1350 Philippe VI
82%
1180-1223 Philippe II
81%
1316 Jean Ier
76%
1350-1364 Jean II
76%
751-768 Pépin III
70%
987-996 Hugues Ier
67%
922-923 Robert Ier
57%
996-1031 Robert II
57%
768-771 Carloman Ier
48%
879-884 Carloman II
48%
888-898 Eudes Ier
42%
923-936 Raoul
41%
954-986 Lothaire
37%
Aucun quiz correspondant
Distribution des résultats
% des personnes avec chaque résultat
Percentile par nombre de réponses
Votre historique - résultats
Vous n’avez pas pris ce quiz